Responsible business in real estate (Record no. 121206)
[ view plain ]
| 000 -LEADER | |
|---|---|
| fixed length control field | 01670nam a22002777a 4500 |
| 001 - CONTROL NUMBER | |
| control field | K121206 |
| 008 - FIXED-LENGTH DATA ELEMENTS--GENERAL INFORMATION | |
| fixed length control field | 160218b2019 xxu||||| |||| 00| 0 eng d |
| 041 ## - LANGUAGE CODE | |
| Language code of text/sound track or separate title | eng |
| 110 ## - MAIN ENTRY--CORPORATE NAME | |
| Corporate author | Royal Institution of Chartered Surveyors |
| 245 ## - TITLE STATEMENT | |
| Title | Responsible business in real estate |
| Subtitle | the global challenge |
| Statement of responsibility, etc | Industry leaders forum report |
| 260 ## - PUBLICATION INFORMATION | |
| Place of publication | London |
| Publisher | RICS |
| Date | 2019 |
| 300 ## - PHYSICAL DESCRIPTION | |
| Physical description | 22p |
| 520 ## - ABSTRACT | |
| Abstract | Brings together the recommendations of the RICS Responsible Business Leaders Forums through a series of case studies focusing social and environmental responsibility of business. Considers environmental, social and governance factors (ESG), outlines drivers for responsible business,, challenges, solutions and strategies. Concludes with a look at difference approaches and a series of measures for driving success including management and commitment, diversity and collaboration, well-being and employment, community and supplier engagement and environmental protection. |
| 650 ## - KEYWORDS | |
| Keywords | ESG |
| 650 ## - KEYWORDS | |
| Keywords | Responsible business |
| 650 ## - KEYWORDS | |
| Keywords | UN Global Compact Advancing Responsible Business in Land, Construction and Real Estate Use and Investment |
| 650 ## - KEYWORDS | |
| Keywords | UN Global Compact |
| 650 ## - KEYWORDS | |
| Keywords | RICS UN Global Compact Responsible Business Toolkit |
| 650 ## - KEYWORDS | |
| Keywords | Sustainable Facilities Management Index |
| 650 ## - KEYWORDS | |
| Keywords | Well-being |
| 650 ## - KEYWORDS | |
| Keywords | Net-carbon target |
| 651 ## - SUBJECT ADDED ENTRY--GEOGRAPHIC NAME | |
| Geographic name | United Kingdom |
| 690 ## - BROAD SUBJECT | |
| 9 (RLIN) | 6226 |
| Broad subject | Business and management |
| 856 ## - ONLINE RESOURCE | |
| Uniform Resource Identifier | <a href="https://web.archive.org/web/20220522101656/https://www.rics.org/globalassets/rics-website/media/news/press-releases/rics-responsible-business-in-real-estate-report.pdf">https://web.archive.org/web/20220522101656/https://www.rics.org/globalassets/rics-website/media/news/press-releases/rics-responsible-business-in-real-estate-report.pdf</a> |
| Public note | Available on the web archive |
| 942 ## - ADDED ENTRY ELEMENTS (KOHA) | |
| Suppress in OPAC | Do not suppress in OPAC |
| Lost status | Damaged status | Not for loan | Home library | Current library | Date acquired | Total Checkouts | Date last seen | Price effective from | Koha item type | Shelving location | Barcode | Source of classification or shelving scheme | Full call number |
|---|---|---|---|---|---|---|---|---|---|---|---|---|---|
| Archives | Archives | 19/02/2020 | 19/02/2020 | 19/02/2020 | Book | Archive copy | RICS 2019/18 | ||||||
| Archives | Archives | 19/02/2020 | 19/02/2020 | 19/02/2020 | Book | RICS Boxes | Dewey Decimal Classification | RICS 2019/18 | |||||
| Virtual | Virtual | 14/02/2020 | 14/02/2020 | 14/02/2020 | Online material |